| 000 | 00516 a2200205 4500 | ||
|---|---|---|---|
| 001 | 18307 | ||
| 999 |
_c18307 _d5011 |
||
| 003 | TR-AnTOB | ||
| 005 | 20220525153635.0 | ||
| 008 | 041102s2004 tu tur | ||
| 020 | _a9752930492 | ||
| 041 | _atur | ||
| 050 |
_aPL248.K58 _bG58 2004 |
||
| 090 | _aPL248.K58 G58 2004 | ||
| 100 | 1 |
_aKiremitçi, Tuna, _d1973- _98333 |
|
| 245 | 0 |
_aGit kendini çok sevdirmeden / _cTuna Kiremitçi. |
|
| 264 | 1 |
_aİstanbul : _bDoğan Kitapçılık, _c2004 |
|
| 300 |
_a178 p. ; _c21 cm. |
||
| 902 | _a0003836 | ||
| 942 | _cBK | ||